Cantico (1928) /

Bibliographic Details
Main Author: Guillén, Jorge, 1893-1984
Format: Book
Language:Spanish
Published: Barcelona : Victor Pozanco, 1978.
Edition:1a ed.
Series:Ambito literario ; 33

MARC

Tag First Indicator Second Indicator Subfields
LEADER 00000cam a2200000 a 4500
001 in00000076757
005 20151008053752.0
008 791003s1978 sp b 00010 spa d
020 |a 847457028X 
035 |a (OCoLC)05460746 
035 |9 AAH8579AM 
040 |a EEM  |c EEM  |d TXA  |d UtOrBLW 
049 |a TXAM  |c [1194725] 
090 |a PQ6613.U5  |b C33 1978 
100 1 |a Guillén, Jorge,  |d 1893-1984. 
245 1 0 |a Cantico (1928) /  |c Jorge Guillen. 
250 |a 1a ed. 
264 1 |a Barcelona :  |b Victor Pozanco,  |c 1978. 
300 |a 120 pages ;  |c 19 cm. 
336 |a text  |b txt  |2 rdacontent 
337 |a unmediated  |b n  |2 rdamedia 
338 |a volume  |b nc  |2 rdacarrier 
490 0 |a Ambito literario ;  |v 33 
504 |a Includes bibliographical references. 
999 |a MARS 
999 f f |s d97b3d53-586b-3038-8061-96d845f8a13b  |i 4ecb5bc4-cd97-3729-a05d-79da5b5bd6a5  |t 0 
952 f f |p normal  |a Texas A&M University  |b College Station  |c Sterling C. Evans Library  |d Evans: Library Stacks  |t 0  |e PQ6613.U5 C33 1978  |h Library of Congress classification  |i unmediated -- volume  |m A14806181754 
998 f f |a PQ6613.U5 C33 1978  |t 0  |l Evans: Library Stacks